000 01005nam a2200265Ia 4500
003 GCL
005 20240530103414.0
008 140319s9999 xx 000 0 ara d
040 _aGCL /
_cGCL
082 0 4 _a237.17
_bط م
100 1 _aالطبرانى ، ابوالقاسم سليمان بن احمد بن ايوب، 873 - 971 م
245 1 0 _aالمعجم الكبير /
_cالطبرانى ، ابوالقاسم سليمان بن احمد بن ايوب، 873 - 971 م
250 _aالثانية
260 _aالعراق :
_bوزارة الاوقاف ،
_c1984
300 _a24 مج ؛
_c24 سم
490 _aاحياء التراث الاسلامى
_v31
650 0 4 _aالحديث - رواية
650 0 4 _aعلم رواية الحديث
650 0 4 _aالصحابة والتابعون
650 0 4 _aعلم الجرح والتعديل
650 0 4 _aالرواه - تراجم
650 0 4 _aالاسناد
700 1 _aحمدى عبدالمجيد السلفى
942 _2ddc
_cBK
999 _c39120
_d39120